Albums rap fr - Statistiques

Statistiques générales
  • Ce quiz a été pris 259 fois
  • Le résultat moyen est 11 sur 28
Statistiques - réponses
Hint Réponse % Correct
Destin Ninho
95%
Feu Nekfeu
91%
Commando Niska
86%
Enna PLK
86%
L’école du micro d’argent IAM
79%
0.9 Booba
71%
L'Étrange Histoire de Mr. Anderson Laylow
71%
Adios Bahamas Népal
68%
1994 Hamza
67%
Pure Maes
52%
SPLIT Josman
48%
La fierté des nôtres Rohff
43%
Ouvert tout l’été Sadek
33%
Where is l’album de ****** Gradur
31%
Spleen Djadja & Dinaz
28%
Bandit saleté Sofiane
28%
OX7 Niro
24%
Suis-je le gardien de mon frère ? Sefyu
21%
Nous-mêmes Hornet la frappe
13%
Quelque chose a survécu Arsenik
11%
Flaque de samples Hugo tsr
11%
Barillet plein Seth gueko
10%
Démineur Médine
9%
Sexe, Violence, Rap et Flooze Busta Flex
6%
Paradis d’amour Krisy
6%
Rap 1.9 Lartiste
4%
Un jour de moins Coelho
3%
La vida loca Ghetto Phénomène
2%
Aucun quiz correspondant
Distribution des résultats
% des personnes avec chaque résultat
Percentile par nombre de réponses
Votre historique - résultats
Vous n’avez pas pris ce quiz